| 000 | 01641nam a22002297a 4500 | ||
|---|---|---|---|
| 003 | DO-SdBNP | ||
| 005 | 20210825112859.0 | ||
| 007 | ta | ||
| 008 | 210825e2018 dr ||||gr|||| 001 edesp d | ||
| 020 | _a9789945609837 | ||
| 040 |
_aDO-SdBNP _bspa _cBNPHU |
||
| 041 | _hspa | ||
| 082 | _bR173d | ||
| 100 | 1 | 2 |
_92867 _aGuerrero Ramírez, Rafael, _d1962- |
| 245 | 1 | 3 |
_aDiez consejos prácticos en el Salmo 37. / _cRafael Guerrero Ramírez; Óscar Arocha, pról. |
| 260 |
_aSanto Domingo : _bEditorial Santuario, _bEditora Búho, _c2018 |
||
| 300 |
_a112 p; _c23 cm |
||
| 505 |
_aPrólogo. / _rÓscar Arocha. _tIntroducción.-- _tConsejo 1. No te turbes a causa de los malos, porque ellos son temporales (Salmo 37.1-2).-- _tConsejo 2. Haz el bien, mirando a Dios y no a los hombres; porque Dios te hizo bien a pesar de tu maldad (Salmo 37.3).-- _tconsejo 4. confíale tu vida al Señor y Él te dará la victoria (Salmo 37.5-6).-- _tConsejo 5. Pon tu esperanza en el Señor, porque Él nunca falla (Salmo 37.7.a y 22-26).-- _tConsejo 6. No te alteres por el éxito de los impíos, porque Dios te dará algo mejor (Salmo 37.7.b y 17-21).-- _tConsejo 7. controla tus emociones negativas, porque Dios controla todo para tu bien (Salmo 37.8-16).-- _tConsejo 8. Apártate del mal y haz el bien, porque cada uno cosecha lo que siembra (Salmo 37.27-33).-- _tConsejo 9. Afírmate en Dios y en su camino y Él te exaltará sobre los que se exaltan (Salmo 37.34-36).-- _tConsejo 10. Practica la integridad y la justicia y Dios estará contigo (Salmo 37.37-40) |
||
| 590 | _aInventariado 2021 / MF | ||
| 700 | 1 | 2 |
_aArocha, Óscar _epról. _979574 |
| 942 |
_2ddc _cLBS1 |
||
| 999 |
_c50280 _d50280 |
||